[Event "Arco op-B 39th"]
[Site "Arco"]
[Date "2017.10.14"]
[Round "7"]
[White "Benini, Gabriele"]
[Black "Breidenbach, Heinz"]
[Result "1-0"]
[WhiteElo "1397"]
[BlackElo "1432"]
[PlyCount "64"]
[EventDate "2017.10.08"]
[EventType "swiss"]
[EventRounds "8"]
[EventCountry "ITA"]
[SourceTitle "CBM 181 Extra"]
[Source "ChessBase"]
[SourceDate "2017.12.12"]
[SourceVersion "1"]
[SourceVersionDate "2017.12.12"]
[SourceQuality "1"]

1. e4 d5 2. exd5 Qxd5 3. Nc3 Qa5 4. Nf3 Nf6 5. h3 h6 6. a3 e5 7. d3 c6 8. Bd2 Qc7 9. g3 Bd6 10. Ne4 Nxe4 11. dxe4 Be6 12. Bc3 Nd7 13. b3 f6 14. b4 c5 15. b5 Nb6 16. Ba5 0-0 17. c4 Qe7 18. Bxb6 axb6 19. Nh4 Qc7 20. Bd3 Qf7 21. Be2 Rfd8 22. Qc2 Bc7 23. Bd3 Qd7 24. Ke2 Bxh3 25. f3 Qd4 26. Ng6 Rd7 27. g4 Kf7 28. Nh4 Rad8 29. Rad1 g5 30. Nf5 Bf1+ 31. Rdxf1 Qxd3+ 32. Qxd3 Rxd3 1-0

[Event "Arco op-B 39th"]
[Site "Arco"]
[Date "2017.10.12"]
[Round "5"]
[White "Breidenbach, Heinz"]
[Black "Carrozza, Gregorio"]
[Result "0-1"]
[WhiteElo "1432"]
[BlackElo "1628"]
[PlyCount "129"]
[EventDate "2017.10.08"]
[EventType "swiss"]
[EventRounds "8"]
[EventCountry "ITA"]
[SourceTitle "CBM 181 Extra"]
[Source "ChessBase"]
[SourceDate "2017.12.12"]
[SourceVersion "1"]
[SourceVersionDate "2017.12.12"]
[SourceQuality "1"]

1. Nf3 d5 2. d4 c6 3. Bf4 Nf6 4. h3 e6 5. e3 Nh5 6. Bh2 Nf6 7. Bd3 Bb4+ 8. c3 Be7 9. Nbd2 0-0 10. e4 dxe4 11. Nxe4 Nbd7 12. 0-0 Nxe4 13. Bxe4 Nf6 14. Bd3 a5 15. a4 g6 16. Re1 Re8 17. Qc2 Nd5 18. Ne5 Bf8 19. Nc4 Qg5 20. Re5 Qd8 21. Ree1 Qf6 22. Be5 Qg5 23. Bh2 Nf4 24. Bxf4 Qxf4 25. Re4 Qf6 26. Qd2 Rb8 27. Re2 b6 28. Ne5 c5 29. Bb5 Bb7 30. Bxe8 Rxe8 31. Nd7 Qh4 32. Nxf8 Rxf8 33. dxc5 Rd8 34. Qe3 bxc5 35. Qg3 Qe7 36. Qe3 Rd5 37. c4 Rg5 38. f4 Rh5 39. Rd1 g5 40. Red2 gxf4 41. Qxf4 Rf5 42. Qe3 Bc6 43. Rd8+ Kg7 44. Qc3+ f6 45. R1d2 Rg5 46. Qxa5 Qb7 47. Qc3 Qc7 48. Qe3 Rxg2+ 49. Rxg2+ Bxg2 50. Qd2 Bc6 51. Qd6 Qxd6 52. Rxd6 Bxa4 53. Rxe6 Kf7 54. Ra6 Bb3 55. Ra5 Bxc4 56. Rxc5 Bb3 57. Kh2 Ke7 58. h4 Kd6 59. Rc3 Bf7 60. Kg3 f5 61. b4 Ke5 62. h5 f4+ 63. Kf3 Be6 64. Rc5+ Bd5+ 65. Kg4 0-1

[Event "Bad Woerishofen Seniors op 30th"]
[Site "Bad Woerishofen"]
[Date "2014.03.26"]
[Round "6"]
[White "Breidenbach, Heinz"]
[Black "Bartlitz, Heinz"]
[Result "1/2-1/2"]
[WhiteElo "1503"]
[BlackElo "1750"]
[PlyCount "39"]
[EventDate "2014.03.21"]
[EventType "swiss"]
[EventRounds "9"]
[EventCountry "GER"]
[SourceTitle "EXT 2019"]
[Source "ChessBase"]
[SourceDate "2018.10.10"]
[SourceVersion "1"]
[SourceVersionDate "2018.10.10"]
[SourceQuality "1"]

1. d4 d6 2. Nf3 g6 3. c3 Bg7 4. h3 a6 5. Qc2 b5 6. Bf4 Nd7 7. e3 Ngf6 8. Bd3 Bb7 9. Nbd2 0-0 10. 0-0 Rc8 11. a4 c5 12. axb5 axb5 13. Bxb5 cxd4 14. exd4 Nd5 15. Bh2 Nb4 16. Qb3 Nc6 17. Qc2 e5 18. Bxc6 Bxc6 19. dxe5 dxe5 20. Rfe1 1/2-1/2

[Event "EU-ch Seniors 11th"]
[Site "Courmayeur"]
[Date "2011.04.06"]
[Round "1"]
[White "Bayer, Wolfgang"]
[Black "Breidenbach, Heinz"]
[Result "1-0"]
[WhiteElo "2073"]
[BlackElo "1548"]
[PlyCount "55"]
[EventDate "2011.04.06"]
[EventType "swiss"]
[EventRounds "9"]
[EventCountry "ITA"]
[SourceTitle "CBM 141 Extra"]
[Source "ChessBase"]
[SourceDate "2011.05.03"]
[SourceVersion "1"]
[SourceVersionDate "2011.05.03"]
[SourceQuality "1"]

1. c4 e6 2. b3 Nf6 3. Bb2 d5 4. Nf3 Be7 5. e3 0-0 6. Nc3 c6 7. Rc1 Nbd7 8. d4 Qa5 9. Bd3 dxc4 10. bxc4 b5 11. 0-0 Ba6 12. Ne5 Nxe5 13. dxe5 Nd7 14. cxb5 cxb5 15. Bxh7+ Kxh7 16. Qxd7 b4 17. Qxe7 Bxf1 18. Qh4+ Kg8 19. Ne4 f6 20. exf6 Bxg2 21. Ng5 Qf5 22. fxg7 Qxf2+ 23. Qxf2 Rxf2 24. Kxf2 Bd5 25. h4 Bxa2 26. h5 Rd8 27. Kg3 Rd3 28. Rc8+ 1-0

[Event "ITA-ch Seniors 31st"]
[Site "Arvier"]
[Date "2009.04.30"]
[Round "7"]
[White "Breidenbach, Heinz"]
[Black "Renzini, Lorenzo"]
[Result "1/2-1/2"]
[WhiteElo "1522"]
[BlackElo "1812"]
[PlyCount "120"]
[EventDate "2009.04.24"]
[EventType "swiss"]
[EventRounds "9"]
[EventCountry "ITA"]
[SourceTitle "EXT 2011"]
[Source "ChessBase"]
[SourceDate "2010.11.26"]
[SourceVersion "1"]
[SourceVersionDate "2010.11.26"]
[SourceQuality "1"]

1. d4 Nf6 2. Nf3 d6 3. h3 g6 4. Bf4 e6 5. Nbd2 Bg7 6. Bh2 Nc6 7. e3 Bd7 8. c3 a6 9. Bd3 Na7 10. 0-0 0-0 11. Re1 Rc8 12. Bc2 Bc6 13. e4 Nd7 14. e5 d5 15. Rc1 b5 16. Nf1 Bb7 17. Qd2 c5 18. Bf4 cxd4 19. cxd4 Nc6 20. Bg5 Qa5 21. a3 Qxd2 22. N1xd2 f6 23. exf6 Bxf6 24. Nb3 Bxg5 25. Nxg5 e5 26. dxe5 Ncxe5 27. Nd4 Rf4 28. Ngf3 Nxf3+ 29. Nxf3 Rfc4 30. Re7 R4c7 31. Nd4 Nc5 32. Rce1 Kf8 33. Rxc7 Rxc7 34. b4 Kf7 35. bxc5 Rxc5 36. Bb3 Rc3 37. Re3 Rc1+ 38. Kh2 Rc8 39. Rd3 Rc5 40. Nf3 Kf6 41. h4 h6 42. Rd2 a5 43. Rc2 Rxc2 44. Bxc2 Bc8 45. Nd4 Bd7 46. f4 g5 47. fxg5+ hxg5 48. hxg5+ Kxg5 49. Bd3 b4 50. axb4 axb4 51. Nf3+ Kf4 52. Bg6 Ke3 53. Kg1 d4 54. Ne5 Bb5 55. g4 d3 56. g5 b3 57. Ng4+ Kf4 58. Nf2 Ke3 59. Bf7 b2 60. Nd1+ Kf4 1/2-1/2

[Event "ITA-ch Seniors 31st"]
[Site "Arvier"]
[Date "2009.04.26"]
[Round "3"]
[White "Breidenbach, Heinz"]
[Black "Quagliarella, Sabino Remo"]
[Result "0-1"]
[WhiteElo "1522"]
[BlackElo "1911"]
[PlyCount "177"]
[EventDate "2009.04.24"]
[EventType "swiss"]
[EventRounds "9"]
[EventCountry "ITA"]
[SourceTitle "EXT 2011"]
[Source "ChessBase"]
[SourceDate "2010.11.26"]
[SourceVersion "1"]
[SourceVersionDate "2010.11.26"]
[SourceQuality "1"]

1. d4 g6 2. Bf4 Bg7 3. c3 c6 4. Nf3 Nf6 5. h3 0-0 6. e3 Qb6 7. Qc2 d6 8. Bd3 Nbd7 9. Bh2 Ne8 10. 0-0 e5 11. Nbd2 exd4 12. Nc4 Qc7 13. exd4 b5 14. Ne3 Nb6 15. Rfe1 Be6 16. Qe2 h6 17. b3 Qd7 18. c4 bxc4 19. bxc4 Nf6 20. c5 dxc5 21. Ne5 Qe8 22. dxc5 Nbd5 23. N5c4 Nc3 24. Qc2 Nfe4 25. Nd6 Nxd6 26. Bxd6 Qc8 27. Bxf8 Qxf8 28. Rac1 Nxa2 29. Rb1 Nc3 30. Rb7 Qc8 31. Ba6 Qd8 32. Nd1 Bf5 33. Qb3 Nd5 34. Ne3 Be6 35. Nxd5 Bxd5 36. Bc4 Qa5 37. Rb8+ Rxb8 38. Qxb8+ Kh7 39. Rc1 Qd2 40. Qb1 Be4 41. Rd1 Qf4 42. Qc1 Qf5 43. Qe3 Be5 44. Bd3 Bxd3 45. Qxd3 Qf4 46. g3 Qf6 47. f4 Bb2 48. Qd6 Qc3 49. Kg2 Qe3 50. Qd2 Qe4+ 51. Kh2 Ba3 52. Qg2 Qe7 53. h4 Bxc5 54. Rc1 a5 55. Qxc6 Bb4 56. Qc4 Qd7 57. Qc7 Qf5 58. Qc4 g5 59. Qc2 Qxc2+ 60. Rxc2 gxf4 61. gxf4 Kg6 62. Rc6+ f6 63. Rc4 Kf5 64. Kg3 Be1+ 65. Kf3 Bb4 66. Kg3 Be1+ 67. Kf3 h5 68. Rc5+ Kg6 69. Rc4 Bb4 70. Ke4 Be1 71. Ra4 Bxh4 72. f5+ Kg5 73. Rxa5 Bg3 74. Ra4 Be5 75. Ra2 Kg4 76. Rg2+ Bg3 77. Ke3 h4 78. Rg1 Kxf5 79. Rxg3 hxg3 80. Kf3 g2 81. Kxg2 Kf4 82. Kf2 Kg4 83. Kg2 f5 84. Kf2 Kf4 85. Kg2 Ke3 86. Kf1 f4 87. Ke1 f3 88. Kf1 f2 89. Kg2 0-1

[Event "ITA-ch Seniors 31st"]
[Site "Arvier"]
[Date "2009.04.24"]
[Round "1"]
[White "Breidenbach, Heinz"]
[Black "Garvani, Vittorio"]
[Result "1/2-1/2"]
[WhiteElo "1522"]
[BlackElo "1971"]
[PlyCount "57"]
[EventDate "2009.04.24"]
[EventType "swiss"]
[EventRounds "9"]
[EventCountry "ITA"]
[SourceTitle "EXT 2011"]
[Source "ChessBase"]
[SourceDate "2010.11.26"]
[SourceVersion "1"]
[SourceVersionDate "2010.11.26"]
[SourceQuality "1"]

1. d4 Nf6 2. Nf3 g6 3. h3 Bg7 4. Bf4 b6 5. e3 Bb7 6. Nbd2 0-0 7. Be2 d6 8. 0-0 Nbd7 9. Bh2 Rc8 10. c3 c5 11. Re1 d5 12. Bd3 Ne4 13. Bc2 e6 14. Qe2 f5 15. Rac1 Rf7 16. Bd3 Qe7 17. c4 cxd4 18. exd4 Bh6 19. cxd5 exd5 20. Rxc8+ Bxc8 21. Rc1 Qd8 22. Rc2 Nxd2 23. Nxd2 Nf6 24. Be5 Ne4 25. Nf3 g5 26. Nh2 Bg7 27. Nf3 Bxe5 28. Nxe5 Rc7 29. Qh5 1/2-1/2